000 00307 a2200145 4500
001 167013
020 _a
040 _cMagnum
100 _aHannoun, Hubert
240 1 0 _aEducacao: certezas e apostas
_lpor
245 1 0 _aEducacao: certezas e apostas
362 0 _a1899
697 _aENSINO
942 _cBK
999 _c167013
_d167013